000 00598cam a2200217 4500
001 D6560
008 090401t1965 xxu||||| |||| 00| 0 eng d
035 _a(Sirsi) u1480
041 _aeng
050 _a347.4109
100 _aLawrance, David M
245 2 _aA treatise on the law and practice of arbitrations and awards for surveyors, valuers, auctioneers and estate agents
250 _a10th
260 _aLondon
_bEstates Gazette
_c1965
300 _axxiv. 254p. 21cm
350 _a2.38
700 _aSoper, P.H.
700 _aWilliams, J Melville
942 _n0
948 _c04/03/1997
999 _c85677
_d85677